| 000 | 00463nam a2200145Ia 4500 | ||
|---|---|---|---|
| 008 | 181023s9999 xx 000 0 und d | ||
| 020 | _a9781260092523 | ||
| 100 | _aDoane, David P. | ||
| 245 |
_cDavid P. Doane, Lori E. Seward.-- _aApplied statistics in business and economics / |
||
| 250 | _a6th ed | ||
| 260 |
_aNew York : _bMcGraw Hill _c2019 |
||
| 300 | _axxiii, 840 pages. | ||
| 650 | _aCommercial statistics. | ||
| 650 | _aManagement -- statistical methods. | ||
| 999 |
_c359380 _d359380 |
||